| 000 | 00672nam a22001817a 4500 | ||
|---|---|---|---|
| 005 | 20150423110159.0 | ||
| 010 | _aENG-112277 | ||
| 020 |
_a9789350571477 _c135.00 |
||
| 020 |
_a9350571471 _c135.00 |
||
| 035 | _aEN-95809 | ||
| 037 | _bDBAD/PUB | ||
| 082 | _a483.103 | ||
| 245 |
_aConcise dictionary of phrases : _ba perfect reference for students of all age groups. useful guide for aspirants of IAS, CAT, GMAT, GRE, Civil Services, IELTS, TOEFL & other examinations |
||
| 260 |
_aNew Delhi _bV & S Publishers _c2014 |
||
| 270 |
_aF-2/16, Ansari Road, Daryaganj, _bNew Delhi _e110002 |
||
| 300 |
_a91p. _c22cm(pbk) |
||
| 942 |
_2ddc _cEN _mCON _h483.103 |
||
| 999 |
_c92023 _d92023 |
||